Statystyki dla Życie Muhammada Alego

Kliknij tutaj aby rozwiązać quiz!

Ogólne statystyki

  • Ten quiz został rozwiązany 17 razy
  • Średni wynik to 7 z 15

Statystyki odpowiedzi

ZagadnienieOdpowiedź% Poprawnych
Jak naprawdę nazywał się ten pięściarz?Cassius Marcellus Clay Jr.
87%
W jakim mieście się urodził?W Louisville (stan Kentucky)
60%
Kiedy się urodził?17 stycznia 1942
53%
Jakiego pseudonimu początkowo używał Ali? (po wstąpieniu do organizacji)Cassius X
53%
Dlaczego Alemu została zabrana licencja bokserska?Odmówił wstąpienia do wojska
53%
Jak nazywał się jego brat?Rahman (naprawdę Rudy)
53%
W którym roku i z kim "The Champ" zdobył po raz pierwszy tytuł mistrza świata wagi ciężkiej?W 1964, z Sonnym Listonem
53%
Jak nazywali się jego rodzice?Cassius Marcellus Clay Sr. i Odessa Grady Clay
47%
Do jakiej organizacji wstąpił Muhammad? (Wiązało się to ze zmianą jego wyznania)Do Narodu Islamu
47%
Z kim "The Greatest" wygrał batalię o złoto na IO w Rzymie w 1960 roku?Ze Zbigniewem Pietrzykowskim
47%
Ile żon miał Muhammad?4
33%
Dlaczego Ali zaczął trenować boks?Ktoś ukradł mu rower
33%
Z kim Ali zadebiutował na zawodowym ringu?Z Tunneyem Hunsakerem
33%
Jak nazywał się trener, który stał w narożniku Muhammada przez większość jego kariery?Angelo Dundee
27%
Który z ówczesnych mistrzów świata kategorii ciężkiej został ośmieszony przez Alego podczas sesji sparingowej?Ingemar Johansson
27%

Rozkład punktacji

Percentyl według liczby udzielonych odpowiedzi

Procent ludzi z każdym wynikiem

Twoja historia wyników

Nie rozwiązałeś tego quizu